000 00571nam a2200205Ia 4500
005 20240823062343.0
008 240823s9999||||xx |||||||||||||| ||und||
020 _a978-1-60406-844-3
041 _aENGLISH
082 _A618.9209789 Q4
100 _a"Madell,Jane R"
245 0 _a"Pediatric Audiology : Diagnosis, Technology and Management"
250 _a2nd
260 _c2014
_bThieme Publica
500 _aTRANSFERED
650 _aAudiology Speech and Language Pathology
_bAllied Health Science
700 _a" Flexer,Carol"
942 _cBK
999 _c235678
_d235678